[Event "Wroclaw"]
[Site "?"]
[Date "2020.08.25"]
[Round "9.10"]
[White "Pacan-Milej, Kosma"]
[Black "Michalowski, Patryk"]
[Result "1-0"]
[BlackElo "1603"]
[WhiteElo "2118"]
[LiveChessVersion "1.4.8"]

1. d4 {[%clk 0:15:18]} d5 {[%clk 0:15:19]} 2. c4 {[%clk 0:15:27]} e6
{[%clk 0:15:28]} 3. Nc3 {[%clk 0:15:35]} Nf6 {[%clk 0:15:36]} 4. cxd5
{[%clk 0:15:43]} exd5 {[%clk 0:15:45]} 5. Bg5 {[%clk 0:15:51]} Nbd7
{[%clk 0:15:19]} 6. e3 {[%clk 0:15:59]} Bb4 {[%clk 0:15:09]} 7. Bd3
{[%clk 0:16:02]} c5 {[%clk 0:15:13]} 8. Nge2 {[%clk 0:15:49]} cxd4
{[%clk 0:14:52]} 9. exd4 {[%clk 0:15:44]} O-O {[%clk 0:14:52]} 10. O-O
{[%clk 0:15:47]} Qb6 {[%clk 0:13:53]} 11. Rc1 {[%clk 0:14:11]} Bxc3
{[%clk 0:13:15]} 12. Nxc3 {[%clk 0:13:22]} Qxb2 {[%clk 0:12:50]} 13. Qf3
{[%clk 0:13:16]} Qb6 {[%clk 0:12:04]} 14. Nxd5 {[%clk 0:11:25]} Nxd5
{[%clk 0:11:54]} 15. Qxd5 {[%clk 0:11:32]} Nf6 {[%clk 0:11:58]} 16. Qc5
{[%clk 0:09:36]} Qxc5 {[%clk 0:11:38]} 17. dxc5 {[%clk 0:09:44]} Be6
{[%clk 0:11:36]} 18. Bxf6 {[%clk 0:09:40]} gxf6 {[%clk 0:11:44]} 19. Be4
{[%clk 0:09:45]} Rab8 {[%clk 0:11:28]} 20. a3 {[%clk 0:09:53]} Rfd8
{[%clk 0:11:23]} 21. Rfd1 {[%clk 0:09:57]} Rxd1+ {[%clk 0:11:25]} 22. Rxd1
{[%clk 0:10:04]} Rc8 {[%clk 0:11:34]} 23. Rc1 {[%clk 0:09:40]} Rc7
{[%clk 0:11:34]} 24. Kf1 {[%clk 0:09:47]} Kg7 {[%clk 0:11:16]} 25. Ke2
{[%clk 0:09:44]} f5 {[%clk 0:11:24]} 26. Bf3 {[%clk 0:09:52]} Kf6
{[%clk 0:11:33]} 27. Kd3 {[%clk 0:09:35]} b6 {[%clk 0:09:20]} 28. c6
{[%clk 0:09:02]} Ke5 {[%clk 0:09:25]} 29. Re1+ {[%clk 0:08:58]} Kd6
{[%clk 0:09:32]} 30. Kd4 {[%clk 0:09:06]} Rc8 {[%clk 0:08:36]} 31. h4
{[%clk 0:08:56]} h6 {[%clk 0:08:15]} 32. Rd1 {[%clk 0:07:57]} b5 {[%clk 0:07:10]}
33. Rb1 {[%clk 0:04:17]} Rb8 {[%clk 0:07:12]} 34. Rc1 {[%clk 0:03:13]} Rc8
{[%clk 0:07:16]} 35. Rc5 {[%clk 0:02:55]} a6 {[%clk 0:07:10]} 36. g3
{[%clk 0:03:00]} Rc7 {[%clk 0:07:11]} 37. h5 {[%clk 0:02:25]} Rc8
{[%clk 0:07:15]} 38. Rc1 {[%clk 0:01:58]} Rc7 {[%clk 0:07:20]} 39. Bg2
{[%clk 0:01:57]} a5 {[%clk 0:03:17]} 40. Rb1 {[%clk 0:01:43]} Bc4
{[%clk 0:03:08]} 41. a4 {[%clk 0:01:52]} Rxc6 {[%clk 0:02:05]} 42. Bxc6
{[%clk 0:01:30]} Kxc6 {[%clk 0:02:14]} 43. Re1 {[%clk 0:01:19]} Be6
{[%clk 0:02:10]} 44. axb5+ {[%clk 0:01:12]} Kxb5 {[%clk 0:02:19]} 45. Ke5
{[%clk 0:01:19]} a4 {[%clk 0:01:27]} 46. Kf6 {[%clk 0:01:28]} a3 {[%clk 0:01:30]}
47. Kg7 {[%clk 0:01:37]} a2 {[%clk 0:01:31]} 48. Kxh6 {[%clk 0:01:38]} f4
{[%clk 0:01:34]} 49. Kg5 {[%clk 0:01:36]} fxg3 {[%clk 0:01:20]} 50. fxg3
{[%clk 0:01:44]} Bc4 {[%clk 0:01:25]} 51. h6 {[%clk 0:01:46]} Bd3
{[%clk 0:01:33]} 52. Ra1 {[%clk 0:01:46]} Bb1 {[%clk 0:01:31]} 53. Rxa2
{[%clk 0:01:54]} 1-0

[Event "Wroclaw"]
[Site "?"]
[Date "2020.08.25"]
[Round "9.11"]
[White "Grochol, Kamil"]
[Black "Majocha, Piotr"]
[Result "1/2-1/2"]
[BlackElo "1822"]
[WhiteElo "1711"]
[LiveChessVersion "1.4.8"]

1. d4 {[%clk 0:15:19]} Nf6 {[%clk 0:15:19]} 2. Bf4 {[%clk 0:15:26]} d5
{[%clk 0:15:24]} 3. e3 {[%clk 0:15:34]} e6 {[%clk 0:15:30]} 4. Nd2
{[%clk 0:15:43]} Be7 {[%clk 0:15:38]} 5. Ngf3 {[%clk 0:15:48]} O-O
{[%clk 0:15:46]} 6. Ne5 {[%clk 0:15:47]} Nbd7 {[%clk 0:15:42]} 7. Bd3
{[%clk 0:15:44]} c5 {[%clk 0:15:17]} 8. c3 {[%clk 0:15:52]} Nxe5 {[%clk 0:14:46]}
9. dxe5 {[%clk 0:15:59]} Nd7 {[%clk 0:14:47]} 10. h4 {[%clk 0:15:50]} f6
{[%clk 0:14:08]} 11. Nf3 {[%clk 0:11:32]} fxe5 {[%clk 0:12:02]} 12. Nxe5
{[%clk 0:03:23]} Nxe5 {[%clk 0:11:23]} 13. Bxe5 {[%clk 0:03:32]} c4
{[%clk 0:10:17]} 14. Bc2 {[%clk 0:02:18]} Qe8 {[%clk 0:10:04]} 15. Rh3
{[%clk 0:01:22]} Bf6 {[%clk 0:10:07]} 16. Qd4 {[%clk 0:01:26]} Bd7
{[%clk 0:08:04]} 17. h5 {[%clk 0:01:20]} Qf7 {[%clk 0:07:16]} 18. Bxf6
{[%clk 0:00:20]} Qxf6 {[%clk 0:07:24]} 19. Qxf6 {[%clk 0:00:23]} Rxf6
{[%clk 0:07:33]} 20. Rh2 {[%clk 0:00:20]} Raf8 {[%clk 0:07:30]} 21. f3
{[%clk 0:00:24]} Be8 {[%clk 0:06:05]} 1/2-1/2

[Event "Wroclaw"]
[Site "?"]
[Date "2020.08.25"]
[Round "10.1"]
[White "Golenia, Jan"]
[Black "Teclaf, Pawel"]
[Result "1/2-1/2"]
[BlackElo "2382"]
[WhiteElo "2033"]
[LiveChessVersion "1.4.8"]

1. c4 {[%clk 0:15:17]} b6 {[%clk 0:15:19]} 2. Nc3 {[%clk 0:15:17]} Bb7
{[%clk 0:15:28]} 3. Nf3 {[%clk 0:15:24]} e6 {[%clk 0:15:31]} 4. a3
{[%clk 0:15:29]} Nf6 {[%clk 0:15:31]} 5. d4 {[%clk 0:15:35]} g6 {[%clk 0:15:29]}
6. Bg5 {[%clk 0:15:40]} Bg7 {[%clk 0:15:33]} 7. Qc2 {[%clk 0:15:29]} c5
{[%clk 0:14:12]} 8. d5 {[%clk 0:14:23]} exd5 {[%clk 0:14:14]} 9. cxd5
{[%clk 0:14:31]} O-O 10. e4 {[%clk 0:14:24]} d6 {[%clk 0:13:50]} 11. Bd3
{[%clk 0:13:45]} a6 {[%clk 0:13:49]} 12. a4 Qc7 {[%clk 0:13:52]} 13. O-O
{[%clk 0:12:24]} Nbd7 {[%clk 0:13:53]} 14. Rfe1 {[%clk 0:12:13]} Ng4 15. Nd2
{[%clk 0:10:45]} Bd4 {[%clk 0:13:46]} 16. Bh4 {[%clk 0:10:24]} Rae8
{[%clk 0:12:31]} 17. h3 {[%clk 0:10:32]} Nge5 {[%clk 0:12:35]} 18. Bf1
{[%clk 0:07:29]} c4 {[%clk 0:12:27]} 19. Rac1 {[%clk 0:06:10]} Qc5
{[%clk 0:09:42]} 20. Ne2 Nd3 21. Nxd4 {[%clk 0:06:04]} Nxe1 {[%clk 0:09:50]} 22.
Qxc4 {[%clk 0:06:02]} Ne5 {[%clk 0:09:05]} 23. Qc3 {[%clk 0:00:55]} N1d3 24. Rc2
{[%clk 0:01:00]} Qxc3 {[%clk 0:08:12]} 25. Rxc3 {[%clk 0:00:34]} Nc5
{[%clk 0:06:46]} 26. b4 {[%clk 0:00:43]} Nxa4 {[%clk 0:04:52]} 27. Rc7
{[%clk 0:00:50]} Rb8 {[%clk 0:04:31]} 28. f4 {[%clk 0:00:30]} g5 {[%clk 0:04:16]}
29. Bxg5 f6 {[%clk 0:04:26]} 30. Bh6 {[%clk 0:00:27]} Rf7 {[%clk 0:03:47]} 31.
Rxb7 Rfxb7 {[%clk 0:03:56]} 32. fxe5 {[%clk 0:00:26]} fxe5 {[%clk 0:03:56]} 33.
Nf5 b5 {[%clk 0:04:06]} 34. Nxd6 {[%clk 0:00:35]} Rb6 {[%clk 0:03:59]} 35. Nf5
{[%clk 0:00:37]} Nc3 {[%clk 0:03:38]} 36. Be3 {[%clk 0:00:33]} Rf6 37. Ne7+ Kf7
{[%clk 0:03:29]} 38. Nc6 {[%clk 0:00:38]} 1/2-1/2

[Event "Wroclaw"]
[Site "?"]
[Date "2020.08.25"]
[Round "10.2"]
[White "Godzwon, Iwo"]
[Black "Pytel, Maciej"]
[Result "1/2-1/2"]
[BlackElo "1862"]
[WhiteElo "2278"]
[LiveChessVersion "1.4.8"]

1. e4 {[%clk 0:15:19]} c5 {[%clk 0:15:17]} 2. Nf3 {[%clk 0:15:28]} e6
{[%clk 0:15:26]} 3. d4 {[%clk 0:15:37]} cxd4 {[%clk 0:15:35]} 4. Nxd4
{[%clk 0:15:47]} a6 {[%clk 0:15:44]} 5. c4 {[%clk 0:15:55]} Nf6 {[%clk 0:15:51]}
6. Nc3 {[%clk 0:16:04]} Qc7 {[%clk 0:15:56]} 7. Be2 {[%clk 0:16:09]} b6
{[%clk 0:15:46]} 8. O-O {[%clk 0:16:13]} Bb7 {[%clk 0:15:55]} 9. Qd3
{[%clk 0:16:22]} Nc6 {[%clk 0:15:40]} 10. Nxc6 {[%clk 0:16:30]} dxc6
{[%clk 0:15:48]} 11. f4 {[%clk 0:16:38]} Rd8 {[%clk 0:15:46]} 12. Qg3
{[%clk 0:16:03]} c5 {[%clk 0:15:44]} 13. Bf3 {[%clk 0:16:10]} g6 {[%clk 0:15:39]}
14. e5 {[%clk 0:16:01]} Ng8 {[%clk 0:14:53]} 15. Be4 {[%clk 0:15:12]} h5
{[%clk 0:12:48]} 16. Qf3 {[%clk 0:15:20]} Bxe4 {[%clk 0:12:56]} 17. Nxe4
{[%clk 0:15:29]} Be7 {[%clk 0:13:02]} 18. b3 {[%clk 0:15:32]} Nh6
{[%clk 0:12:34]} 19. Bb2 {[%clk 0:15:41]} O-O {[%clk 0:10:32]} 20. Rad1
{[%clk 0:14:00]} Rxd1 {[%clk 0:09:41]} 21. Rxd1 {[%clk 0:14:09]} Rd8
{[%clk 0:09:48]} 22. Nd6 {[%clk 0:11:50]} Kh7 {[%clk 0:06:54]} 23. Qc3
{[%clk 0:11:15]} Nf5 {[%clk 0:06:43]} 24. Rd2 {[%clk 0:11:24]} Nd4
{[%clk 0:06:31]} 25. Ne4 {[%clk 0:09:37]} Qc6 {[%clk 0:06:29]} 26. Qe3
{[%clk 0:08:58]} Nf5 {[%clk 0:06:26]} 27. Qe2 {[%clk 0:09:08]} Rxd2
{[%clk 0:06:25]} 28. Nxd2 {[%clk 0:09:17]} Qd7 {[%clk 0:05:56]} 29. Nf3
{[%clk 0:09:24]} Qd8 {[%clk 0:05:52]} 30. g3 {[%clk 0:07:07]} Kg7
{[%clk 0:05:17]} 31. Bc3 {[%clk 0:04:17]} Qa8 {[%clk 0:05:04]} 32. Qd3
{[%clk 0:04:11]} Qd8 {[%clk 0:05:06]} 33. Qxd8 {[%clk 0:04:12]} Bxd8
{[%clk 0:05:15]} 34. Kf2 {[%clk 0:03:50]} Be7 {[%clk 0:04:30]} 35. h3
{[%clk 0:03:07]} Nh6 {[%clk 0:04:12]} 36. Bd2 {[%clk 0:02:53]} Kf8
{[%clk 0:03:37]} 37. Nh2 {[%clk 0:02:44]} Nf5 {[%clk 0:03:33]} 38. g4
{[%clk 0:02:33]} hxg4 {[%clk 0:03:35]} 39. hxg4 {[%clk 0:02:43]} Nd4
{[%clk 0:03:43]} 40. Nf3 {[%clk 0:02:52]} Nc6 {[%clk 0:03:04]} 41. Ke3
{[%clk 0:02:56]} Kg7 {[%clk 0:01:56]} 42. Ke4 {[%clk 0:03:05]} f5+
{[%clk 0:01:51]} 43. exf6+ {[%clk 0:03:09]} Bxf6 {[%clk 0:01:59]} 44. Be1
{[%clk 0:02:30]} Kf7 {[%clk 0:01:50]} 45. Bd2 {[%clk 0:02:12]} Ke7
{[%clk 0:01:44]} 46. Be1 {[%clk 0:01:34]} Kf7 {[%clk 0:01:16]} 47. Bh4
{[%clk 0:00:42]} Bxh4 {[%clk 0:01:18]} 48. Nxh4 {[%clk 0:00:51]} Nb4
{[%clk 0:01:27]} 49. a4 {[%clk 0:00:34]} Nc6 50. Nf3 {[%clk 0:00:43]} Kf6
{[%clk 0:01:03]} 51. g5+ {[%clk 0:00:38]} Ke5+ 1/2-1/2

[Event "Wroclaw"]
[Site "?"]
[Date "2020.08.25"]
[Round "10.3"]
[White "Fus, Jakub"]
[Black "Kozak, Antoni"]
[Result "0-1"]
[BlackElo "2270"]
[WhiteElo "2191"]
[LiveChessVersion "1.4.8"]

1. e4 {[%clk 0:15:19]} c5 {[%clk 0:14:56]} 2. Nf3 {[%clk 0:15:26]} Nf6
{[%clk 0:15:02]} 3. e5 {[%clk 0:15:33]} Nd5 {[%clk 0:15:10]} 4. Nc3
{[%clk 0:15:41]} e6 {[%clk 0:15:19]} 5. Nxd5 {[%clk 0:15:47]} exd5
{[%clk 0:15:27]} 6. d4 {[%clk 0:15:54]} Nc6 {[%clk 0:15:36]} 7. c3
{[%clk 0:16:01]} d6 {[%clk 0:15:42]} 8. exd6 {[%clk 0:16:07]} Bxd6
{[%clk 0:15:50]} 9. Bb5 {[%clk 0:15:46]} O-O {[%clk 0:15:35]} 10. O-O
{[%clk 0:15:50]} Bg4 {[%clk 0:15:06]} 11. h3 {[%clk 0:15:19]} Bh5
{[%clk 0:15:02]} 12. Be2 {[%clk 0:14:18]} Re8 {[%clk 0:14:14]} 13. Be3
{[%clk 0:14:08]} c4 {[%clk 0:13:51]} 14. b4 {[%clk 0:13:52]} a5 {[%clk 0:13:21]}
15. b5 {[%clk 0:12:56]} Ne7 {[%clk 0:13:27]} 16. Ne5 {[%clk 0:10:01]} Bxe2
{[%clk 0:13:33]} 17. Qxe2 {[%clk 0:10:09]} f6 {[%clk 0:13:42]} 18. Ng4
{[%clk 0:09:59]} a4 {[%clk 0:12:32]} 19. Qf3 {[%clk 0:08:33]} Bc7
{[%clk 0:11:24]} 20. Bf4 {[%clk 0:07:53]} Bxf4 {[%clk 0:09:26]} 21. Qxf4
{[%clk 0:08:02]} Qd7 {[%clk 0:09:26]} 22. Rab1 {[%clk 0:06:10]} Ng6
{[%clk 0:08:33]} 23. Qf3 {[%clk 0:05:44]} Re4 {[%clk 0:07:26]} 24. Ne3
{[%clk 0:04:36]} Rae8 {[%clk 0:07:32]} 25. g3 {[%clk 0:03:38]} Qxh3
{[%clk 0:03:15]} 26. Nxd5 {[%clk 0:03:34]} Re2 {[%clk 0:03:23]} 27. Nf4
{[%clk 0:03:01]} Nxf4 {[%clk 0:02:30]} 28. Qxf4 {[%clk 0:03:09]} h5
{[%clk 0:02:39]} 29. d5 {[%clk 0:02:13]} R8e4 {[%clk 0:02:37]} 30. Qf3
{[%clk 0:02:06]} h4 {[%clk 0:02:12]} 31. Qg2 {[%clk 0:01:50]} Qf5
{[%clk 0:01:58]} 32. Rbd1 {[%clk 0:00:46]} hxg3 {[%clk 0:01:53]} 33. d6
{[%clk 0:00:29]} gxf2+ {[%clk 0:01:53]} 34. Rxf2 {[%clk 0:00:38]} Rxf2
{[%clk 0:02:01]} 35. Qxf2 {[%clk 0:00:37]} Qg4+ {[%clk 0:01:59]} 0-1

[Event "Wroclaw"]
[Site "?"]
[Date "2020.08.25"]
[Round "10.4"]
[White "Lis, Mateusz"]
[Black "Kokoszczynski, Jan"]
[Result "1/2-1/2"]
[BlackElo "2013"]
[WhiteElo "1973"]
[LiveChessVersion "1.4.8"]

1. e4 c6 2. d4 d5 3. e5 c5 4. dxc5 Nc6 5. Nf3 e6 6. Be3 Qc7 7. Bb5 Nge7 8. c3 Bd7
9. Bxc6 Nxc6 10. Bd4 b6 11. cxb6 axb6 12. O-O Bc5 13. Nbd2 O-O 14. Nb3 Na5 15.
Nxa5 bxa5 16. Bxc5 Qxc5 17. Nd4 Rab8 18. Qd2 Rb7 19. Rfc1 Rfb8 20. b3 a4 21. Qe3
Rc8 22. Rc2 Qa5 23. Rac1 Rbc7 24. h4 h6 25. Ne2 Qb5 26. Nd4 Qa5 27. g3 Bb5 28. f4
Qa6 29. f5 exf5 30. Nxf5 Bd3 31. Rf2 Bxf5 1/2-1/2

[Event "Wroclaw"]
[Site "?"]
[Date "2020.08.25"]
[Round "10.5"]
[White "Mis, Mieszko"]
[Black "Szpar, Milosz"]
[Result "0-1"]
[BlackElo "2262"]
[WhiteElo "2258"]
[LiveChessVersion "1.4.8"]

1. d4 Nf6 2. c4 e6 3. Nf3 c5 4. g3 cxd4 5. Nxd4 Bb4+ 6. Bd2 Qb6 7. e3 Nc6 8. Bg2
O-O 9. O-O Be7 10. Bc3 d5 11. Nd2 Bd7 12. Rc1 Rac8 13. a3 dxc4 14. Nxc4 Qa6 15.
Nxc6 Bxc6 16. Bxc6 Rxc6 17. Ne5 Rd6 18. Qf3 Rdd8 19. Bd4 Rc8 20. g4 Rxc1 21. Rxc1
Bd6 22. g5 Bxe5 23. Bxe5 Nd7 24. Bd4 e5 25. Bc3 Qg6 26. h4 e4 27. Qg3 Nc5 28. Bb4
Nd3 29. Bxf8 Nxc1 30. Qb8 h6 31. Be7+ Kh7 32. Qxb7 hxg5 33. hxg5 Qf5 34. Qc7 Qg4+
35. Kh1 Qf3+ 36. Kg1 Qd1+ 37. Kh2 Ne2 38. Qe5 Qg1+ 39. Kh3 Qh1+ 40. Qh2 Qf3+ 41.
Kh4 Kg6 42. Qd6+ f6 43. gxf6 Qh5# 0-1

[Event "Wroclaw"]
[Site "?"]
[Date "2020.08.25"]
[Round "10.6"]
[White "Psyk, Radoslaw"]
[Black "Golenia, Wojciech"]
[Result "1-0"]
[BlackElo "1988"]
[WhiteElo "2236"]
[LiveChessVersion "1.4.8"]

1. e4 {[%clk 0:15:10]} d6 {[%clk 0:15:19]} 2. d4 {[%clk 0:15:13]} Nf6
{[%clk 0:15:27]} 3. Nc3 {[%clk 0:15:20]} e5 {[%clk 0:15:36]} 4. Nf3
{[%clk 0:15:28]} Nbd7 {[%clk 0:15:45]} 5. Bc4 {[%clk 0:15:36]} Be7
{[%clk 0:15:53]} 6. O-O {[%clk 0:15:44]} O-O {[%clk 0:16:01]} 7. Re1
{[%clk 0:15:53]} c6 {[%clk 0:16:09]} 8. a4 {[%clk 0:16:02]} b6 {[%clk 0:16:03]}
9. Bg5 {[%clk 0:13:02]} Bb7 {[%clk 0:15:07]} 10. Bxf6 {[%clk 0:12:56]} Bxf6
{[%clk 0:14:53]} 11. d5 {[%clk 0:13:05]} c5 {[%clk 0:13:51]} 12. a5
{[%clk 0:13:12]} bxa5 {[%clk 0:13:16]} 13. Nd2 {[%clk 0:12:14]} Bh4
{[%clk 0:12:19]} 14. Bb5 {[%clk 0:11:55]} f5 {[%clk 0:09:50]} 15. exf5
{[%clk 0:11:33]} Rxf5 {[%clk 0:09:38]} 16. g3 {[%clk 0:09:50]} Be7
{[%clk 0:08:39]} 17. Nc4 {[%clk 0:09:14]} a4 {[%clk 0:07:05]} 18. Qg4
{[%clk 0:08:02]} g6 {[%clk 0:06:22]} 19. Bxd7 {[%clk 0:08:10]} Qxd7
{[%clk 0:06:28]} 20. Ne3 {[%clk 0:08:18]} Kh8 {[%clk 0:05:15]} 21. Nxf5
{[%clk 0:08:26]} gxf5 {[%clk 0:05:24]} 22. Qxa4 {[%clk 0:08:35]} Qc8
{[%clk 0:04:55]} 23. Qb5 {[%clk 0:06:07]} a6 {[%clk 0:04:23]} 24. Qd3
{[%clk 0:03:41]} Qd7 {[%clk 0:03:21]} 25. Na4 {[%clk 0:03:37]} Rf8
{[%clk 0:03:04]} 26. f3 {[%clk 0:02:38]} f4 {[%clk 0:00:52]} 27. g4
{[%clk 0:02:46]} Rg8 {[%clk 0:00:37]} 28. Kh1 {[%clk 0:01:20]} Bd8
{[%clk 0:00:35]} 29. c4 {[%clk 0:00:59]} Bc8 {[%clk 0:00:26]} 30. Rg1
{[%clk 0:00:49]} Qe7 {[%clk 0:00:28]} 31. Nc3 {[%clk 0:00:52]} Rg6
{[%clk 0:00:21]} 32. Ne4 {[%clk 0:00:53]} Rh6 {[%clk 0:00:28]} 33. Rg2
{[%clk 0:00:56]} Qb7 {[%clk 0:00:18]} 34. Qc3 Qg7 {[%clk 0:00:15]} 35. Ra3
{[%clk 0:00:53]} Rg6 {[%clk 0:00:24]} 36. Qc2 {[%clk 0:00:42]} a5
{[%clk 0:00:15]} 37. Rb3 {[%clk 0:00:47]} Qc7 {[%clk 0:00:17]} 38. Qc3
{[%clk 0:00:42]} h5 {[%clk 0:00:21]} 39. gxh5 {[%clk 0:00:40]} Rxg2
{[%clk 0:00:26]} 40. Kxg2 {[%clk 0:00:50]} Qg7+ {[%clk 0:00:34]} 41. Kh1
{[%clk 0:00:48]} a4 {[%clk 0:00:29]} 42. Rb8 {[%clk 0:00:29]} Qd7
{[%clk 0:00:12]} 43. Nxd6 {[%clk 0:00:22]} Qf5 {[%clk 0:00:12]} 44. Nxf5
{[%clk 0:00:29]} 1-0

[Event "Wroclaw"]
[Site "?"]
[Date "2020.08.25"]
[Round "10.7"]
[White "Jagura Norbert"]
[Black "Sanz Wawer, Daniel"]
[Result "0-1"]
[BlackElo "2220"]
[WhiteElo "1600"]
[LiveChessVersion "1.4.8"]

1. Nf3 {[%clk 0:15:09]} Nf6 {[%clk 0:15:13]} 2. g3 {[%clk 0:15:15]} b6
{[%clk 0:15:15]} 3. Bg2 {[%clk 0:15:23]} Bb7 {[%clk 0:15:23]} 4. O-O
{[%clk 0:15:29]} e6 {[%clk 0:15:31]} 5. d3 {[%clk 0:15:32]} d5 {[%clk 0:15:25]}
6. c4 {[%clk 0:15:01]} Be7 {[%clk 0:15:15]} 7. b3 {[%clk 0:14:46]} O-O
{[%clk 0:15:22]} 8. Bb2 {[%clk 0:14:54]} c5 {[%clk 0:15:20]} 9. e3
{[%clk 0:14:23]} Nc6 {[%clk 0:14:49]} 10. a3 {[%clk 0:13:51]} dxc4
{[%clk 0:14:07]} 11. bxc4 {[%clk 0:13:08]} Qc7 {[%clk 0:14:08]} 12. Qc2
{[%clk 0:13:07]} Rfd8 {[%clk 0:14:04]} 13. Nc3 {[%clk 0:12:58]} Nd7
{[%clk 0:13:44]} 14. Rad1 {[%clk 0:11:24]} Bf6 {[%clk 0:13:15]} 15. Nb5
{[%clk 0:08:09]} Qb8 {[%clk 0:13:10]} 16. Nc3 {[%clk 0:07:36]} Nce5
{[%clk 0:10:49]} 17. Nxe5 {[%clk 0:02:45]} Bxe5 {[%clk 0:10:44]} 18. f4
{[%clk 0:02:35]} Bf6 {[%clk 0:09:53]} 19. Bxb7 {[%clk 0:02:06]} Qxb7
{[%clk 0:10:02]} 20. Ne4 {[%clk 0:02:01]} Bxb2 {[%clk 0:09:56]} 21. Qxb2
{[%clk 0:02:10]} Qc7 {[%clk 0:09:08]} 22. Qf2 {[%clk 0:00:40]} f5
{[%clk 0:06:00]} 23. Ng5 {[%clk 0:00:41]} Nf8 {[%clk 0:06:09]} 24. e4
{[%clk 0:00:28]} Rd6 {[%clk 0:05:26]} 25. exf5 {[%clk 0:00:19]} exf5
{[%clk 0:05:34]} 26. d4 {[%clk 0:00:16]} cxd4 {[%clk 0:04:36]} 27. Rxd4
{[%clk 0:00:23]} Rad8 {[%clk 0:04:04]} 28. Rfd1 {[%clk 0:00:16]} Qc5
{[%clk 0:03:40]} 29. Rxd6 {[%clk 0:00:15]} Rxd6 {[%clk 0:03:49]} 30. Rxd6
{[%clk 0:00:18]} Qxd6 {[%clk 0:03:58]} 31. Nf3 {[%clk 0:00:18]} Qxa3
{[%clk 0:03:45]} 32. Ne5 {[%clk 0:00:16]} Qc5 {[%clk 0:01:45]} 33. Qxc5
{[%clk 0:00:18]} bxc5 {[%clk 0:01:54]} 34. Kf2 {[%clk 0:00:24]} Ne6
{[%clk 0:01:50]} 35. Ke3 {[%clk 0:00:18]} Kf8 {[%clk 0:01:49]} 36. g4
{[%clk 0:00:20]} fxg4 {[%clk 0:01:26]} 37. f5 {[%clk 0:00:21]} Nd4
{[%clk 0:01:19]} 38. Nd7+ {[%clk 0:00:29]} Ke7 {[%clk 0:01:15]} 39. Nxc5
{[%clk 0:00:36]} Nxf5+ {[%clk 0:01:23]} 40. Kf4 {[%clk 0:00:33]} Nd6
{[%clk 0:01:32]} 41. Kxg4 {[%clk 0:00:28]} Nxc4 {[%clk 0:01:41]} 42. Na6
{[%clk 0:00:24]} Kd6 {[%clk 0:01:25]} 43. h4 {[%clk 0:00:30]} Ke5
{[%clk 0:01:15]} 44. Kg5 {[%clk 0:00:24]} Nd6 {[%clk 0:01:14]} 45. Nb4
{[%clk 0:00:19]} Ne4+ {[%clk 0:00:56]} 46. Kg4 {[%clk 0:00:22]} Kd6
{[%clk 0:01:05]} 47. Kf5 {[%clk 0:00:22]} a5 {[%clk 0:00:58]} 48. Na2
{[%clk 0:00:22]} Nc5 {[%clk 0:00:53]} 49. h5 {[%clk 0:00:22]} a4 {[%clk 0:00:40]}
50. Nc3 {[%clk 0:00:21]} Kc6 {[%clk 0:00:31]} 51. Ke5 {[%clk 0:00:13]} a3
{[%clk 0:00:30]} 52. h6 {[%clk 0:00:20]} gxh6 {[%clk 0:00:26]} 53. Kf5
{[%clk 0:00:29]} Na4 {[%clk 0:00:21]} 54. Na2 {[%clk 0:00:16]} Kc5
{[%clk 0:00:22]} 55. Nc1 {[%clk 0:00:18]} Nc3 {[%clk 0:00:18]} 56. Kg4
{[%clk 0:00:19]} Kc4 {[%clk 0:00:22]} 57. Kh5 {[%clk 0:00:27]} Ne2
{[%clk 0:00:22]} 58. Nxe2 {[%clk 0:00:18]} a2 {[%clk 0:00:31]} 59. Ng3
{[%clk 0:00:13]} a1=Q {[%clk 0:00:36]} 60. Kxh6 {[%clk 0:00:13]} Qf6+
{[%clk 0:00:41]} 61. Kh5 {[%clk 0:00:18]} Qg6+ 0-1

[Event "Wroclaw"]
[Site "?"]
[Date "2020.08.25"]
[Round "10.8"]
[White "Galuszka, Tomasz"]
[Black "Pacan-Milej, Kosma"]
[Result "0-1"]
[BlackElo "2118"]
[WhiteElo "1854"]
[LiveChessVersion "1.4.8"]

1. e4 {[%clk 0:15:18]} c5 {[%clk 0:15:18]} 2. Nf3 {[%clk 0:15:26]} Nc6
{[%clk 0:15:26]} 3. Nc3 {[%clk 0:15:34]} Nf6 {[%clk 0:15:30]} 4. d4
{[%clk 0:15:03]} cxd4 {[%clk 0:15:37]} 5. Nxd4 {[%clk 0:15:12]} e5
{[%clk 0:15:44]} 6. Ndb5 {[%clk 0:15:20]} d6 {[%clk 0:15:52]} 7. Bg5
{[%clk 0:15:24]} a6 {[%clk 0:16:01]} 8. Na3 {[%clk 0:15:32]} b5 {[%clk 0:16:09]}
9. Nd5 {[%clk 0:15:34]} Be7 {[%clk 0:16:17]} 10. Bxf6 {[%clk 0:15:38]} Bxf6
{[%clk 0:16:25]} 11. c3 {[%clk 0:15:39]} Rb8 {[%clk 0:16:34]} 12. Nc2
{[%clk 0:15:37]} Bg5 {[%clk 0:16:42]} 13. h4 {[%clk 0:15:26]} Bh6
{[%clk 0:15:57]} 14. g4 {[%clk 0:15:08]} Bf4 {[%clk 0:15:57]} 15. Qf3
{[%clk 0:15:11]} O-O {[%clk 0:15:49]} 16. Nxf4 {[%clk 0:15:08]} exf4
{[%clk 0:15:57]} 17. Qxf4 {[%clk 0:15:16]} b4 {[%clk 0:15:11]} 18. Be2
{[%clk 0:12:11]} bxc3 {[%clk 0:15:15]} 19. bxc3 {[%clk 0:12:10]} Qa5
{[%clk 0:14:35]} 20. Qe3 {[%clk 0:11:33]} Rb2 {[%clk 0:13:31]} 21. Nd4
{[%clk 0:10:39]} Nxd4 {[%clk 0:13:00]} 22. Qxd4 {[%clk 0:10:47]} Be6
{[%clk 0:11:36]} 23. a3 {[%clk 0:08:16]} Rc8 {[%clk 0:11:04]} 24. Bd1
{[%clk 0:02:26]} Rc4 {[%clk 0:09:44]} 25. Qxd6 {[%clk 0:02:14]} Qxc3+
{[%clk 0:08:17]} 26. Kf1 {[%clk 0:02:17]} Rd2 {[%clk 0:05:14]} 27. Qb8+
{[%clk 0:01:14]} Rc8 {[%clk 0:05:22]} 28. Qb4 {[%clk 0:00:54]} Bc4+
{[%clk 0:04:26]} 29. Kg2 {[%clk 0:00:17]} Qd4 {[%clk 0:04:33]} 0-1

[Event "Wroclaw"]
[Site "?"]
[Date "2020.08.25"]
[Round "10.9"]
[White "Bojczewski, Mateusz"]
[Black "Musial, Tomasz"]
[Result "1/2-1/2"]
[BlackElo "1958"]
[WhiteElo "1706"]
[LiveChessVersion "1.4.8"]

1. e4 {[%clk 0:15:16]} e6 {[%clk 0:15:19]} 2. d4 {[%clk 0:15:22]} d5
{[%clk 0:15:28]} 3. Nd2 {[%clk 0:15:30]} c5 {[%clk 0:15:37]} 4. Ngf3
{[%clk 0:13:52]} cxd4 {[%clk 0:15:41]} 5. Nxd4 {[%clk 0:13:45]} Nf6
{[%clk 0:15:48]} 6. exd5 {[%clk 0:13:42]} Qxd5 {[%clk 0:15:36]} 7. N4f3
{[%clk 0:13:36]} Be7 {[%clk 0:14:51]} 8. Bc4 {[%clk 0:13:36]} Qd6
{[%clk 0:14:41]} 9. O-O {[%clk 0:13:37]} O-O {[%clk 0:14:48]} 10. Nb3
{[%clk 0:13:32]} Rd8 {[%clk 0:14:15]} 11. Qxd6 {[%clk 0:13:29]} Bxd6
{[%clk 0:14:23]} 12. Bg5 {[%clk 0:13:22]} a6 {[%clk 0:13:31]} 13. Bd3
{[%clk 0:11:04]} h6 {[%clk 0:10:27]} 14. Bxf6 {[%clk 0:11:03]} gxf6
{[%clk 0:10:36]} 15. Nfd2 {[%clk 0:10:51]} Nc6 {[%clk 0:09:13]} 16. Nc4
{[%clk 0:10:48]} Bc7 {[%clk 0:09:11]} 17. Be4 {[%clk 0:10:39]} f5
{[%clk 0:08:45]} 18. Bxc6 {[%clk 0:10:44]} bxc6 {[%clk 0:08:53]} 19. Rad1
{[%clk 0:10:52]} Rd5 {[%clk 0:07:58]} 20. Ne3 {[%clk 0:11:01]} Rb5
{[%clk 0:03:54]} 21. Rd2 {[%clk 0:09:48]} e5 {[%clk 0:03:52]} 22. Rfd1
{[%clk 0:09:10]} Be6 {[%clk 0:03:49]} 23. g3 {[%clk 0:08:27]} Bb6
{[%clk 0:02:47]} 24. Rd3 {[%clk 0:04:54]} Bxe3 {[%clk 0:01:41]} 25. Rxe3
{[%clk 0:04:49]} Kf8 {[%clk 0:01:21]} 26. Rd6 {[%clk 0:04:36]} Rc8
{[%clk 0:01:01]} 27. Rc3 {[%clk 0:04:43]} Rd5 {[%clk 0:00:57]} 28. Rxd5
{[%clk 0:04:18]} Bxd5 {[%clk 0:01:05]} 29. Kf1 {[%clk 0:04:10]} Ke7
{[%clk 0:01:09]} 30. Ke2 {[%clk 0:04:18]} Kd6 {[%clk 0:01:00]} 31. Nd2
{[%clk 0:03:18]} Rb8 {[%clk 0:00:44]} 32. b3 {[%clk 0:03:25]} Kc7
{[%clk 0:00:30]} 33. Nc4 {[%clk 0:03:24]} f6 {[%clk 0:00:36]} 34. Ne3
{[%clk 0:03:13]} Be6 {[%clk 0:00:40]} 35. a3 {[%clk 0:03:03]} Rd8
{[%clk 0:00:43]} 36. Rd3 {[%clk 0:02:58]} Rg8 {[%clk 0:00:26]} 37. Rc3 Rb8 38. f4
exf4 39. gxf4 1/2-1/2